[Event "Novi Sad TS GM/IM Mix 189th"]
[Site "Novi Sad"]
[Date "2024.03.04"]
[Round "8"]
[White "Sutormin, Daniel"]
[Black "Ratkovic, Milovan"]
[Result "1-0"]
[WhiteElo "2325"]
[BlackElo "2396"]
[PlyCount "45"]
[EventDate "2024.02.29"]
[EventType "swiss"]
[EventRounds "9"]
[EventCountry "SRB"]
[SourceTitle "CB12_2024"]
[SourceDate "2023.10.01"]
[SourceVersion "1"]
[SourceVersionDate "2023.10.01"]
[SourceQuality "1"]

1. e4 c5 2. Nf3 d6 3. d4 cxd4 4. Nxd4 Nf6 5. Nc3 Nc6 6. Bg5 Qb6 7. Nb3 e6 8. Bf4 Ne5 9. Be3 Qc7 10. f4 Nc6 11. g4 a6 12. g5 Nd7 13. Qd2 b5 14. 0-0-0 Bb7 15. a3 Be7 16. h4 Nb6 17. h5 Nc4 18. Bxc4 bxc4 19. Nd4 0-0-0 20. Qf2 Kb8 21. Nde2 Rc8 22. Na4 Qa5 23. Bb6 1-0

[Event "Novi Sad TS GM/IM Mix 189th"]
[Site "Novi Sad"]
[Date "2024.03.03"]
[Round "5"]
[White "Ratkovic, Milovan"]
[Black "Ramoutar, Alan Safar"]
[Result "1/2-1/2"]
[WhiteElo "2396"]
[BlackElo "2336"]
[PlyCount "43"]
[EventDate "2024.02.29"]
[EventType "swiss"]
[EventRounds "9"]
[EventCountry "SRB"]
[SourceTitle "CB12_2024"]
[SourceDate "2023.10.01"]
[SourceVersion "1"]
[SourceVersionDate "2023.10.01"]
[SourceQuality "1"]

1. d4 d5 2. c4 e6 3. Nc3 c6 4. e3 Nf6 5. Nf3 a6 6. c5 Nbd7 7. Bd3 b6 8. cxb6 Bd6 9. b3 0-0 10. 0-0 Qxb6 11. Bb2 a5 12. Na4 Qc7 13. Rc1 Ba6 14. Bxa6 Rxa6 15. Rc2 Ne4 16. Qd3 Rfa8 17. Rfc1 h6 18. h3 Qb7 19. Nd2 Nxd2 20. Qxd2 Rc8 21. Qe2 Raa8 22. Qd3 1/2-1/2

[Event "Novi Sad TS GM/IM Mix 189th"]
[Site "Novi Sad"]
[Date "2024.03.01"]
[Round "3"]
[White "Ratkovic, Milovan"]
[Black "Remecki, Sinisa"]
[Result "1-0"]
[WhiteElo "2396"]
[BlackElo "2235"]
[PlyCount "31"]
[EventDate "2024.02.29"]
[EventType "swiss"]
[EventRounds "9"]
[EventCountry "SRB"]
[SourceTitle "CB12_2024"]
[SourceDate "2023.10.01"]
[SourceVersion "1"]
[SourceVersionDate "2023.10.01"]
[SourceQuality "1"]

1. d4 f5 2. Nc3 Nf6 3. Bg5 g6 4. Bxf6 exf6 5. e3 b6 6. h4 Bb7 7. h5 Bg7 8. Nge2 Qe7 9. Nf4 Qf7 10. Be2 0-0 11. hxg6 hxg6 12. Bf3 Bc6 13. Ncd5 Na6 14. Nxg6 Bxd5 15. Bxd5 Qxd5 16. Ne7+ 1-0

[Event "Senta Fantastico op 02"]
[Site "Senta"]
[Date "2024.02.23"]
[Round "2"]
[White "Levitan, Caleb Levi"]
[Black "Ratkovic, Milovan"]
[Result "0-1"]
[WhiteElo "2265"]
[BlackElo "2396"]
[PlyCount "154"]
[EventDate "2024.02.22"]
[EventType "swiss"]
[EventRounds "9"]
[EventCountry "SRB"]
[SourceTitle "CB10_2024"]
[SourceDate "2024.03.06"]
[SourceVersion "1"]
[SourceVersionDate "2024.03.06"]
[SourceQuality "1"]

1. e4 c5 2. Nf3 d6 3. d4 cxd4 4. Nxd4 Nf6 5. Nc3 Nc6 6. Bc4 Bd7 7. Bb3 g6 8. f3 Nxd4 9. Qxd4 Bg7 10. Be3 0-0 11. Qd2 b5 12. 0-0 a5 13. a4 b4 14. Ne2 Qc7 15. Rfd1 Rfd8 16. Kh1 Rac8 17. Nf4 Be8 18. Qf2 Rb8 19. Rd2 Bc6 20. Qe2 Rf8 21. Nd3 Nd7 22. Qf2 Rfc8 23. Bd4 Bxd4 24. Qxd4 Qb6 25. Qxb6 Nxb6 26. Kg1 Rc7 27. Kf2 Rbc8 28. g3 Kg7 29. Nf4 Bb7 30. Ng2 Nd7 31. Ne3 Ne5 32. Re1 Nd7 33. Ra1 Rc5 34. Rd4 Nb6 35. Rad1 Bc6 36. Ra1 Bd7 37. Rd2 Rh5 38. Kg2 Re5 39. Kf2 g5 40. Nd5 Nxd5 41. Bxd5 Rc5 42. b3 g4 43. f4 Rh5 44. Kg1 Bc6 45. Rad1 e6 46. Bxc6 Rxc6 47. Re2 Rhc5 48. Rdd2 h5 49. Kf2 Rc3 50. Ke1 Kg6 51. Kf2 h4 52. Kg2 hxg3 53. hxg3 f5 54. e5 d5 55. Kh2 Kf7 56. Rg2 Ke7 57. Rge2 Kd7 58. Rf2 Kc7 59. Rfe2 Kb6 60. Rf2 Re3 61. Rfe2 Rxe2+ 62. Rxe2 Rc3 63. Kg2 Kc5 64. Rd2 d4 65. Kf2 Kd5 66. Kg2 d3 67. cxd3 Kd4 68. Kf2 Rxb3 69. Ke2 Rc3 70. Rb2 b3 71. Rb1 Rxd3 72. Rc1 b2 73. Rb1 Rxg3 74. Kf2 Rb3 75. Ke2 Kc3 76. Kd1 Rb4 77. Ke2 Kc2 0-1

[Event "SRB-ch sf"]
[Site "Paracin"]
[Date "2024.02.10"]
[Round "8"]
[White "Ratkovic, Milovan"]
[Black "Radovanovic, Nikola"]
[Result "0-1"]
[WhiteElo "2396"]
[BlackElo "2429"]
[PlyCount "84"]
[EventDate "2024.02.05"]
[EventType "swiss"]
[EventRounds "9"]
[EventCountry "SRB"]
[SourceTitle "CB07_2024"]
[SourceDate "2024.02.14"]
[SourceVersion "1"]
[SourceVersionDate "2024.02.14"]
[SourceQuality "1"]

1. d4 Nf6 2. Bf4 g6 3. Nc3 d5 4. e3 Bg7 5. h4 h5 6. Nf3 0-0 7. Ne5 c5 8. Qd2 cxd4 9. exd4 Nc6 10. 0-0-0 Bf5 11. Nxc6 bxc6 12. f3 c5 13. Be5 Qa5 14. g4 hxg4 15. h5 cxd4 16. Qxd4 gxh5 17. Qf4 Bg6 18. fxg4 Nxg4 19. Bxg7 Kxg7 20. Rxd5 Qb6 21. Bd3 Rad8 22. Re1 Qf2 23. Qxf2 Nxf2 24. Rxe7 Bxd3 25. cxd3 Nxd3+ 26. Kd2 Nxb2 27. Kc2 Rxd5 28. Nxd5 Nc4 29. Nf4 h4 30. Rc7 Ne3+ 31. Kd3 Re8 32. Rxa7 Ng4 33. Ra5 Re3+ 34. Kd4 f6 35. Nh5+ Kg6 36. Nf4+ Kg7 37. Rh5 Ra3 38. Ne6+ Kf7 39. Nc5 h3 40. Ke4 Kg6 41. Rh8 h2 42. Nd7 h1Q+ 0-1

[Event "SRB-ch sf"]
[Site "Paracin"]
[Date "2024.02.07"]
[Round "4"]
[White "Pap, Misa"]
[Black "Ratkovic, Milovan"]
[Result "1/2-1/2"]
[WhiteElo "2412"]
[BlackElo "2396"]
[PlyCount "88"]
[EventDate "2024.02.05"]
[EventType "swiss"]
[EventRounds "9"]
[EventCountry "SRB"]
[SourceTitle "CB07_2024"]
[SourceDate "2024.02.14"]
[SourceVersion "1"]
[SourceVersionDate "2024.02.14"]
[SourceQuality "1"]

1. e4 c5 2. Nf3 d6 3. Bb5+ Nd7 4. d4 Ngf6 5. Nc3 a6 6. Bxd7+ Nxd7 7. 0-0 e6 8. d5 e5 9. a4 Be7 10. Nd2 Nf8 11. Nc4 Ng6 12. a5 0-0 13. Na4 f5 14. Nab6 Rb8 15. Nxc8 Qxc8 16. Nb6 Qe8 17. Qe2 h6 18. g3 Rd8 19. Ra3 Bg5 20. Bxg5 hxg5 21. exf5 Rxf5 22. Rf3 Rxf3 23. Qxf3 e4 24. Qf5 Ne5 25. Qxe4 g4 26. Kh1 Qb5 27. Kg2 c4 28. b3 cxb3 29. cxb3 Qxb3 30. h3 gxh3+ 31. Kxh3 Qb5 32. Rb1 Qxa5 33. f4 Nf7 34. Qe7 Qd2 35. Qe6 Qc2 36. Rb4 Qd1 37. Rc4 Qh1+ 38. Kg4 Qd1+ 39. Kh4 Qh1+ 40. Kg4 Qd1+ 41. Kh3 Qh1+ 42. Kg4 Qd1+ 43. Kh3 Qh1+ 44. Kg4 Qd1+ 1/2-1/2

[Event "Pozarevac Rudar GM3 11"]
[Site "Pozarevac"]
[Date "2023.11.21"]
[Round "6"]
[White "Zemlyanskii, Ivan"]
[Black "Ratkovic, Milovan"]
[Result "1-0"]
[WhiteElo "2368"]
[BlackElo "2410"]
[PlyCount "119"]
[EventDate "2023.11.17"]
[EventType "tourn"]
[EventRounds "9"]
[EventCountry "SRB"]
[EventCategory "7"]
[SourceTitle "CB49_2023"]
[SourceDate "2023.12.06"]
[SourceVersion "1"]
[SourceVersionDate "2023.12.06"]
[SourceQuality "1"]

1. d4 d5 2. c4 e6 3. Nf3 Nf6 4. g3 Bb4+ 5. Bd2 Bd6 6. Nc3 c6 7. Qc2 Nbd7 8. e4 dxe4 9. Nxe4 Nxe4 10. Qxe4 c5 11. Bc3 Nf6 12. Qc2 cxd4 13. Nxd4 Bd7 14. Bg2 Qb6 15. 0-0 0-0 16. b4 Qc7 17. c5 Be7 18. Rfe1 Rfe8 19. Rac1 a5 20. a3 axb4 21. axb4 Nd5 22. Bd2 Bf6 23. Ne2 Bc6 24. Qc4 Qd7 25. h4 Bb5 26. Qb3 Ba4 27. Qb1 Bc6 28. Nf4 Nc7 29. Be3 Bxg2 30. Kxg2 Qc6+ 31. Kg1 Nb5 32. Qb3 Bd4 33. Qc4 Rad8 34. Nd3 Bxe3 35. Rxe3 Rd4 36. Qb3 Re4 37. Rxe4 Qxe4 38. Re1 Qd4 39. Ne5 Ra8 40. Qf3 Rf8 41. Qxb7 Qxb4 42. Rf1 f6 43. Nd7 Rd8 44. Rd1 Re8 45. Qc6 Kf7 46. Qf3 Qc3 47. Qh5+ Ke7 48. Qxh7 f5 49. Qg6 Ra8 50. Qg5+ Ke8 51. Qh5+ Ke7 52. Qg5+ Ke8 53. Nb6 Ra1 54. Qd8+ Kf7 55. Rxa1 Qxa1+ 56. Kg2 Nd4 57. Nd7 Qe1 58. Qf8+ Kg6 59. Qe8+ Kh6 60. Qh8+ 1-0

[Event "Pozarevac Rudar GM3 11"]
[Site "Pozarevac"]
[Date "2023.11.19"]
[Round "3"]
[White "Spasov, Vasil"]
[Black "Ratkovic, Milovan"]
[Result "1/2-1/2"]
[WhiteElo "2481"]
[BlackElo "2410"]
[PlyCount "21"]
[EventDate "2023.11.17"]
[EventType "tourn"]
[EventRounds "9"]
[EventCountry "SRB"]
[EventCategory "7"]
[SourceTitle "CB49_2023"]
[SourceDate "2023.12.06"]
[SourceVersion "1"]
[SourceVersionDate "2023.12.06"]
[SourceQuality "1"]

1. e4 c6 2. d4 d5 3. exd5 cxd5 4. Bd3 Nc6 5. c3 Nf6 6. h3 e5 7. dxe5 Nxe5 8. Nf3 Nxd3+ 9. Qxd3 Be7 10. 0-0 0-0 11. Bg5 1/2-1/2

[Event "Pozarevac Rudar GM2 11"]
[Site "Pozarevac"]
[Date "2023.11.16"]
[Round "9.1"]
[White "Ratkovic, Milovan"]
[Black "Defromont, Benjamin"]
[Result "0-1"]
[WhiteElo "2410"]
[BlackElo "2406"]
[PlyCount "138"]
[EventDate "2023.11.09"]
[EventType "schev"]
[EventRounds "9"]
[EventCountry "SRB"]
[SourceTitle "CB47_2023"]
[SourceDate "2023.11.22"]
[SourceVersion "1"]
[SourceVersionDate "2023.11.22"]
[SourceQuality "1"]
[WhiteTeam "Team C"]
[BlackTeam "Team B"]
[WhiteTeamCountry "SRB"]
[BlackTeamCountry "SRB"]

1. d4 Nf6 2. c4 g6 3. Nc3 Bg7 4. e4 d6 5. f3 0-0 6. Nge2 c5 7. d5 e6 8. Ng3 exd5 9. cxd5 a6 10. a4 Nbd7 11. Be2 Rb8 12. 0-0 Ne8 13. Be3 Nc7 14. a5 b5 15. axb6 Rxb6 16. Qd2 Rb4 17. f4 Nb5 18. Bxb5 axb5 19. e5 Nb6 20. Nce4 Nc4 21. Qc3 Nxe3 22. Qxe3 dxe5 23. Qxc5 Rd4 24. f5 Bb7 25. Qxb5 Bxd5 26. f6 Bh6 27. Rfe1 Bf4 28. Nc3 Bc4 29. Qc6 Qb8 30. Nge2 Rc8 31. Qf3 Rd3 32. Qg4 h5 33. Qh4 Be3+ 34. Kh1 Qxb2 35. Qe4 Bf2 36. Ra8 Rdd8 37. Rxc8 Rxc8 38. Rb1 Qd2 39. Qxe5 Qe3 40. Qxe3 Bxe3 41. h4 Bf2 42. g3 Rc6 43. Kg2 Be3 44. Rb8+ Kh7 45. Re8 Bh6 46. Nf4 Bxf4 47. gxf4 Rxf6 48. Kg3 Kg7 49. Re3 Rc6 50. Ne4 Bd5 51. Nc3 Be6 52. Nb5 Rc1 53. Nd4 Bd5 54. Re5 Rg1+ 55. Kf2 Rg2+ 56. Ke3 Bb7 57. Re7 Bc8 58. Nf3 Be6 59. Ng5 Kf6 60. Rc7 Rh2 61. Nf3 Rh3 62. Kf2 Bd5 63. Ne5 Rxh4 64. Kg3 Rxf4 65. Kxf4 g5+ 66. Ke3 Kxe5 67. Rc8 f5 68. Re8+ Be6 69. Rh8 f4+ 0-1

[Event "Pozarevac Rudar GM2 11"]
[Site "Pozarevac"]
[Date "2023.11.12"]
[Round "4.3"]
[White "Hirneise, Jens"]
[Black "Ratkovic, Milovan"]
[Result "1/2-1/2"]
[WhiteElo "2266"]
[BlackElo "2410"]
[PlyCount "89"]
[EventDate "2023.11.09"]
[EventType "schev"]
[EventRounds "9"]
[EventCountry "SRB"]
[SourceTitle "CB47_2023"]
[SourceDate "2023.11.22"]
[SourceVersion "1"]
[SourceVersionDate "2023.11.22"]
[SourceQuality "1"]
[WhiteTeam "Team B"]
[BlackTeam "Team C"]
[WhiteTeamCountry "SRB"]
[BlackTeamCountry "SRB"]

1. e4 c5 2. c3 e6 3. Nf3 Nc6 4. d4 cxd4 5. cxd4 d5 6. exd5 exd5 7. Nc3 Nf6 8. h3 Bd6 9. Bd3 0-0 10. 0-0 h6 11. Re1 Be6 12. Bd2 Re8 13. Rc1 Nd7 14. Bb1 Qf6 15. Qb3 Nxd4 16. Nxd4 Qxd4 17. Qc2 Nf8 18. Nb5 Qb6 19. Nxd6 Qxd6 20. Qc7 Qxc7 21. Rxc7 b6 22. Bd3 Red8 23. f4 d4 24. Be4 Bd5 25. Bxd5 Rxd5 26. Ree7 Ne6 27. Rxa7 Rxa7 28. Rxa7 Rc5 29. f5 Rxf5 30. b4 Kh7 31. a4 d3 32. Rd7 Nf4 33. a5 bxa5 34. bxa5 Rf6 35. Kh2 g5 36. Rb7 Ng6 37. Rb6 Rf2 38. Rb2 Nh4 39. a6 Rxg2+ 40. Kh1 Rf2 41. Kg1 Re2 42. a7 Nf3+ 43. Kf1 Nh2+ 44. Kg1 Nf3+ 45. Kf1 1/2-1/2

[Event "Pozarevac Rudar GM2 11"]
[Site "Pozarevac"]
[Date "2023.11.10"]
[Round "2.1"]
[White "Dimitrov, Radoslav"]
[Black "Ratkovic, Milovan"]
[Result "1-0"]
[WhiteElo "2518"]
[BlackElo "2410"]
[PlyCount "113"]
[EventDate "2023.11.09"]
[EventType "schev"]
[EventRounds "9"]
[EventCountry "SRB"]
[SourceTitle "CB47_2023"]
[SourceDate "2023.11.22"]
[SourceVersion "1"]
[SourceVersionDate "2023.11.22"]
[SourceQuality "1"]
[WhiteTeam "Team A"]
[BlackTeam "Team C"]
[WhiteTeamCountry "SRB"]
[BlackTeamCountry "SRB"]

1. d4 d5 2. c4 e6 3. cxd5 exd5 4. Nc3 c6 5. Bf4 Bd6 6. Bxd6 Qxd6 7. e3 Ne7 8. Bd3 Bf5 9. Nge2 Nd7 10. 0-0 0-0 11. f3 Rad8 12. Ng3 Bg6 13. Qd2 Rfe8 14. Rad1 h5 15. Bxg6 Qxg6 16. Rfe1 Nf6 17. Qf2 h4 18. Nf1 Nf5 19. e4 dxe4 20. fxe4 Nd6 21. e5 Ng4 22. Qf4 Nc4 23. h3 Nxb2 24. hxg4 Nxd1 25. Rxd1 Qc2 26. Qf3 c5 27. Rd2 Qc1 28. Rf2 Rd7 29. Qf5 Ree7 30. d5 Qxc3 31. e6 fxe6 32. Qf8+ Kh7 33. d6 Rf7 34. Rxf7 Qd4+ 35. Kh1 Rxf7 36. Qxf7 Qxd6 37. Qxb7 Qd4 38. Qf7 Qxg4 39. Ne3 Qe2 40. Qf4 Qxa2 41. Qxh4+ Kg8 42. Qd8+ Kh7 43. Qd3+ Kg8 44. Qd6 Qb1+ 45. Kh2 Qb6 46. Qe5 Qc6 47. Qb8+ Kh7 48. Qxa7 e5 49. Qa3 e4 50. Nf5 Qc7+ 51. Qg3 Qb7 52. Qh4+ Kg6 53. Nd6 Qd5 54. Qxe4+ Qxe4 55. Nxe4 c4 56. Kg3 Kh5 57. Kh3 1-0

[Event "Budapest FS10 GM"]
[Site "Budapest"]
[Date "2023.10.11"]
[Round "5"]
[White "Ratkovic, Milovan"]
[Black "Pribelszky, Bence"]
[Result "1-0"]
[WhiteElo "2402"]
[BlackElo "2399"]
[PlyCount "61"]
[EventDate "2023.10.07"]
[EventType "tourn"]
[EventRounds "9"]
[EventCountry "HUN"]
[EventCategory "6"]
[SourceTitle "Mega2024 Update 01"]
[Source "Chessbase"]
[SourceDate "2023.11.12"]
[SourceVersion "1"]
[SourceVersionDate "2023.11.12"]
[SourceQuality "1"]

1. d4 e6 2. e4 d5 3. e5 c5 4. c3 Nc6 5. Nf3 Bd7 6. Be2 Qb6 7. 0-0 Nge7 8. Na3 cxd4 9. cxd4 Nf5 10. Nc2 Na5 11. Bd2 Bb5 12. Bc3 h5 13. Rc1 g6 14. h3 Nc6 15. Bxb5 Qxb5 16. g4 hxg4 17. hxg4 Nh4 18. Ng5 Be7 19. f4 Qb6 20. Qe1 Kd7 21. Qe3 Raf8 22. Ne1 f6 23. exf6 Rxf6 24. Nd3 Qb5 25. Nc5+ Kc8 26. a4 Qb6 27. b4 Bd6 28. b5 e5 29. bxc6 exf4 30. cxb7+ Kc7 31. Qd2 1-0

[Event "Ecka Rain Band 1st"]
[Site "Ecka"]
[Date "2023.06.17"]
[Round "5.3"]
[White "Dimitrijeski, Boris"]
[Black "Ratkovic, Milovan"]
[Result "1/2-1/2"]
[WhiteElo "2198"]
[BlackElo "2401"]
[PlyCount "167"]
[EventDate "2023.06.13"]
[EventType "schev"]
[EventRounds "9"]
[EventCountry "SRB"]
[SourceTitle "CBM 214 Extra"]
[Source "ChessBase"]
[SourceDate "2023.07.31"]
[SourceVersion "1"]
[SourceVersionDate "2023.07.31"]
[SourceQuality "1"]
[WhiteTeam "Team D"]
[BlackTeam "Team B"]
[WhiteTeamCountry "SRB"]
[BlackTeamCountry "SRB"]

1. d4 d5 2. c4 e6 3. Nc3 Bb4 4. e3 Nf6 5. a3 Bxc3+ 6. bxc3 c6 7. a4 0-0 8. Nf3 b6 9. cxd5 cxd5 10. Bb5 a6 11. Bd3 Nbd7 12. 0-0 Bb7 13. Qe2 Qc7 14. Bb2 Ne4 15. Rfc1 Nd6 16. Ba3 Rfc8 17. Bxd6 Qxd6 18. Rab1 h6 19. h3 Rc7 20. c4 Rac8 21. c5 bxc5 22. Rxb7 Rxb7 23. Bxa6 Rb2 24. Qxb2 Qxa6 25. dxc5 Qxa4 26. Qd4 Qb5 27. Ne5 Nxe5 28. Qxe5 Rxc5 29. Ra1 Qb7 30. e4 Rb5 31. exd5 Rxd5 32. Qe3 Rg5 33. g3 Rb5 34. Qd3 Rb3 35. Qd4 Rb1+ 36. Rxb1 Qxb1+ 37. Kh2 Qf5 38. h4 Kh7 39. Qe3 Qd5 40. Qa7 Qf3 41. Qd4 f6 42. Kg1 e5 43. Qd7 e4 44. Qe8 h5 45. Qe7 Qd1+ 46. Kg2 Qd5 47. Kg1 Qf5 48. Kg2 Qf3+ 49. Kg1 Qg4 50. Kg2 Kh6 51. Qe8 Kh7 52. Qe7 f5 53. Qe5 Qg6 54. Kg1 Qf6 55. Qe8 Kh6 56. Qh8+ Kg6 57. Qe8+ Qf7 58. Qe5 Qd7 59. Kh2 Kf7 60. Qf4 Qe6 61. Qg5 g6 62. Qf4 Qb6 63. Kg2 Ke6 64. Qg5 Kd5 65. Qd2+ Ke6 66. Qa2+ Ke5 67. Qa1+ Qd4 68. Qc1 Qd5 69. Qf4+ Ke6 70. Kh2 Qd4 71. Kg2 Qd3 72. Qh6 Qf3+ 73. Kg1 Qg4 74. Qe3 Qd1+ 75. Kh2 Kd5 76. Qb6 Qe2 77. Kg1 Qd1+ 78. Kg2 Qf3+ 79. Kg1 Qg4 80. Qb5+ Kd6 81. Qb6+ Ke7 82. Qc7+ Ke6 83. Qc6+ Ke5 84. Qc5+ 1/2-1/2

[Event "Ecka Rain Band 1st"]
[Site "Ecka"]
[Date "2023.06.16"]
[Round "4.1"]
[White "Ratkovic, Milovan"]
[Black "Shundi, Matias"]
[Result "1-0"]
[WhiteElo "2401"]
[BlackElo "2223"]
[PlyCount "79"]
[EventDate "2023.06.13"]
[EventType "schev"]
[EventRounds "9"]
[EventCountry "SRB"]
[SourceTitle "CBM 214 Extra"]
[Source "ChessBase"]
[SourceDate "2023.07.31"]
[SourceVersion "1"]
[SourceVersionDate "2023.07.31"]
[SourceQuality "1"]
[WhiteTeam "Team B"]
[BlackTeam "Team C"]
[WhiteTeamCountry "SRB"]
[BlackTeamCountry "SRB"]

1. d4 Nf6 2. Bg5 d5 3. e3 c5 4. Bxf6 gxf6 5. Nf3 cxd4 6. exd4 Bf5 7. c4 dxc4 8. Bxc4 Qb6 9. Qe2 Nc6 10. d5 Nd4 11. Nxd4 Qxd4 12. Bb5+ Kd8 13. 0-0 Rg8 14. Nc3 Bh3 15. g3 Bxf1 16. Qxf1 a6 17. Rd1 Qb6 18. Ba4 Qxb2 19. Qd3 b5 20. Bb3 Rc8 21. Nxb5 Rc1 22. Na7 Rxd1+ 23. Bxd1 Qb6 24. Nc6+ Kc7 25. Qxh7 Rg5 26. Bf3 Bg7 27. Qg8 Kd6 28. Qxf7 Qb1+ 29. Kg2 Qe1 30. h4 Rf5 31. Nd4 Re5 32. Qxg7 Qa1 33. Qg4 Re1 34. Qf4+ Kd7 35. Bg4+ Ke8 36. Qb8+ Kf7 37. Be6+ Kg6 38. Qg8+ Kh6 39. Nf5+ Kh5 40. g4# 1-0

[Event "Ecka Rain Band 1st"]
[Site "Ecka"]
[Date "2023.06.14"]
[Round "2.1"]
[White "Ratkovic, Milovan"]
[Black "Omorjan, Dejan"]
[Result "0-1"]
[WhiteElo "2401"]
[BlackElo "2281"]
[PlyCount "64"]
[EventDate "2023.06.13"]
[EventType "schev"]
[EventRounds "9"]
[EventCountry "SRB"]
[SourceTitle "CBM 214 Extra"]
[Source "ChessBase"]
[SourceDate "2023.07.31"]
[SourceVersion "1"]
[SourceVersionDate "2023.07.31"]
[SourceQuality "1"]
[WhiteTeam "Team B"]
[BlackTeam "Team D"]
[WhiteTeamCountry "SRB"]
[BlackTeamCountry "SRB"]

1. d4 Nf6 2. c4 g6 3. Nc3 d5 4. Bg5 Bg7 5. Bxf6 Bxf6 6. cxd5 c6 7. e4 Bg7 8. h4 Qb6 9. e5 Qxb2 10. Rc1 Bh6 11. Rc2 Qb4 12. g4 cxd5 13. a3 Qa5 14. Bg2 Nc6 15. h5 Be6 16. hxg6 hxg6 17. g5 Bg7 18. Rxh8+ Bxh8 19. Nge2 0-0-0 20. Kf1 Bxe5 21. dxe5 d4 22. Nb1 d3 23. Rxc6+ bxc6 24. Nec3 d2 25. f4 Qa6+ 26. Kf2 Qb6+ 27. Kg3 Qe3+ 28. Bf3 Qe1+ 29. Kg2 Rh8 30. Bg4 Rh1 31. Be2 Rg1+ 32. Kf3 Qg3+ 0-1

[Event "Arandjelovac op 1st"]
[Site "Arandjelovac"]
[Date "2023.03.18"]
[Round "5"]
[White "Jocev, Milan"]
[Black "Ratkovic, Milovan"]
[Result "0-1"]
[WhiteElo "2315"]
[BlackElo "2407"]
[PlyCount "68"]
[EventDate "2023.03.15"]
[EventType "swiss"]
[EventRounds "9"]
[EventCountry "SRB"]
[SourceTitle "CBM 213 Extra"]
[Source "ChessBase"]
[SourceDate "2023.05.31"]
[SourceVersion "1"]
[SourceVersionDate "2023.05.31"]
[SourceQuality "1"]

1. d4 d5 2. c4 e6 3. Nf3 Nf6 4. g3 Bb4+ 5. Bd2 Bd6 6. Bg2 c6 7. 0-0 0-0 8. Nc3 dxc4 9. e4 Be7 10. e5 Nd5 11. Ne4 Nd7 12. Qc2 b5 13. Neg5 g6 14. Qe4 Kg7 15. h4 h6 16. Nh3 c5 17. Nf4 Bb7 18. Nxd5 Bxd5 19. Qf4 Rh8 20. Rad1 Qc7 21. dxc5 Nxc5 22. h5 g5 23. Qg4 Nd3 24. Bc3 Rad8 25. Nd4 Bxg2 26. Kxg2 b4 27. Nxe6+ fxe6 28. Qxe6 bxc3 29. Qg6+ Kf8 30. Qf5+ Ke8 31. Qg6+ Kd7 32. Qf5+ Kc6 33. Qf7 Kb7 34. bxc3 Nxe5 0-1

[Event "Arandjelovac op 1st"]
[Site "Arandjelovac"]
[Date "2023.03.15"]
[Round "1"]
[White "Ratkovic, Milovan"]
[Black "Mai, Alexander Oliver"]
[Result "1-0"]
[WhiteElo "2407"]
[BlackElo "2141"]
[PlyCount "107"]
[EventDate "2023.03.15"]
[EventType "swiss"]
[EventRounds "9"]
[EventCountry "SRB"]
[SourceTitle "CBM 213 Extra"]
[Source "ChessBase"]
[SourceDate "2023.05.31"]
[SourceVersion "1"]
[SourceVersionDate "2023.05.31"]
[SourceQuality "1"]

1. d4 Nf6 2. c4 e6 3. Nc3 Bb4 4. e3 0-0 5. Bd3 d5 6. cxd5 exd5 7. Nge2 Bd6 8. Bd2 b6 9. Rc1 a6 10. f3 c5 11. 0-0 Bb7 12. Qe1 Nbd7 13. Qh4 Re8 14. g4 h6 15. Kh1 Nf8 16. Rg1 Ne6 17. Qf2 Qb8 18. f4 cxd4 19. Nxd4 Nxd4 20. exd4 Ne4 21. Bxe4 dxe4 22. Be3 Be7 23. g5 Qd6 24. Rg3 h5 25. f5 g6 26. Rf1 Rf8 27. Kg1 Rac8 28. Qe2 Qb4 29. Rg2 b5 30. Rgf2 Qc4 31. Qxc4 Rxc4 32. fxg6 fxg6 33. Rxf8+ Bxf8 34. Rf6 Kg7 35. Rb6 Rc7 36. d5 b4 37. Bd4+ Kf7 38. Nxe4 Bxd5 39. Nd6+ Bxd6 40. Rxd6 Be4 41. Rf6+ Kg8 42. Re6 Bd3 43. Kf2 Kh7 44. Ke3 Bc4 45. Re8 Bg8 46. Ra8 Re7+ 47. Kf4 Rf7+ 48. Bf6 Rc7 49. Rxa6 Bd5 50. Ke5 Bc4 51. Ra8 Bg8 52. Kd6 Rb7 53. Kc6 Rf7 54. h4 1-0

[Event "Belgrade Gligoric 100 Ann op"]
[Site "Belgrade"]
[Date "2023.02.05"]
[Round "9"]
[White "Boskovic, Drasko"]
[Black "Ratkovic, Milovan"]
[Result "0-1"]
[WhiteElo "2424"]
[BlackElo "2407"]
[PlyCount "88"]
[EventDate "2023.02.05"]
[EventType "swiss (blitz)"]
[EventRounds "11"]
[EventCountry "SRB"]
[SourceTitle "EXT 2024"]
[Source "ChessBase"]
[SourceDate "2023.10.10"]
[SourceVersion "1"]
[SourceVersionDate "2023.10.10"]
[SourceQuality "1"]

1. e4 c5 2. Nf3 d6 3. Bc4 e6 4. c3 Nf6 5. d3 Be7 6. Bb3 0-0 7. 0-0 b6 8. Re1 Bb7 9. Nbd2 Nbd7 10. Nf1 Qc7 11. Ng3 Ne5 12. Bf4 Rac8 13. Bc2 Rfd8 14. h3 Qb8 15. Rc1 b5 16. Qe2 Ng6 17. Bd2 Qa8 18. d4 cxd4 19. cxd4 Rxc2 20. Rxc2 Nxe4 21. Nxe4 Bxe4 22. Rc3 Bd5 23. b3 a6 24. Rec1 Bf6 25. Rc7 h6 26. Be3 Be4 27. a4 bxa4 28. bxa4 a5 29. Ne1 Nh4 30. f3 Bg6 31. Bf2 Nf5 32. d5 Qxd5 33. Rd1 Qb3 34. Nd3 Nd4 35. Qf1 Qa2 36. Kh1 Nf5 37. Nf4 Bh7 38. g4 Nh4 39. Nh5 Bg5 40. Bg3 Qxa4 41. Qf2 Qxd1+ 42. Kh2 Nxf3+ 43. Kg2 Be4 44. Rc4 Nh4+ 0-1